000 00325nam a2200121Ia 4500
008 151001s9999||||xx |||||||||||||| ||und||
100 _aराज शिवहरे
245 _aअधुरा मन
250 _a1
260 _bतिवारी ग्राफिक्स
300 _a179
365 _b28
999 _c991762
_d991759